Online
Catalog

Diario de una bandera / (Record no. 11390)

MARC details
000 -CABECERA
campo de control de longitud fija 00797nam a2200229 a 4500
001 - NÚMERO DE CONTROL
campo de control 000011715
005 - FECHA Y HORA DE LA ÚLTIMA TRANSACCIÓN
campo de control 20200929162532.0
008 - DATOS DE LONGITUD FIJA--INFORMACIÓN GENERAL
campo de control de longitud fija 091026s1976 sp 001 0 spa d
020 ## - NÚMERO INTERNACIONAL ESTÁNDAR DEL LIBRO
Número Internacional Estándar del Libro 8432505552
040 ## - FUENTE DE LA CATALOGACIÓN
Centro catalogador/agencia de origen DO-SdBNP
Lengua de catalogación spa
Centro/agencia transcriptor BNPHU
082 ## - NÚMERO DE LA CLASIFICACIÓN DECIMAL DEWEY
Número de clasificación 923.1
Número de documento/Ítem F825d
049 ## - FONDOS LOCALES (OCLC)
Fondos de biblioteca BNGR
100 1# - ENTRADA PRINCIPAL--NOMBRE DE PERSONA
Nombre de persona Comandante Franco
Forma completa/desarrollada del nombre (Francisco Franco Bahamonde)
9 (RLIN) 27758
245 10 - MENCIÓN DE TÍTULO
Título Diario de una bandera /
Mención de responsabilidad, etc. Francisco Franco Bahamonde ; Prólogo, Manuel Aznar.
260 ## - PUBLICACIÓN, DISTRIBUCIÓN, ETC.
Lugar de publicación, distribución, etc. Madrid :
Nombre del editor, distribuidor, etc. Doncel,
Fecha de publicación, distribución, etc. 1976.
300 ## - DESCRIPCIÓN FÍSICA
Extensión 220, [5] p. :
Otras características físicas il. ;
Dimensiones 18 cm.
490 1# - MENCIÓN DE SERIE
Mención de serie El libro de bolsillo
Designación de volumen o secuencia 89
600 14 - PUNTO DE ACCESO ADICIONAL DE MATERIA--NOMBRE DE PERSONA
Nombre de persona FRANCO BAHAMONDE, FRANCISCO,
Fechas asociadas al nombre 1892-1975
Subdivisión general BIOGRAFÍA
9 (RLIN) 27759
650 #4 - PUNTO DE ACCESO ADICIONAL DE MATERIA--TÉRMINO DE MATERIA
Término de materia o nombre geográfico como elemento de entrada España
Subdivisión cronológica PRESIDENTE (1936-1975 : FRANCO)
9 (RLIN) 27760
700 1# - PUNTO DE ACCESO ADICIONAL--NOMBRE DE PERSONA
Nombre de persona Aznar, Manuel,
Término indicativo de función/relación pról.
9 (RLIN) 27761
830 #3 - PUNTO DE ACCESO ADICIONAL DE SERIE-TÍTULO UNIFORME
Título uniforme El libro de bolsillo
Designación de volumen o secuencia 89
9 (RLIN) 4072
Holdings
Estado de retiro Estado de pérdida Restricciones de uso No para préstamo Código de colección Localización permanente Ubicación/localización actual Ubicación en estantería Fecha de adquisición Número de inventario Total de préstamos Signatura topográfica completa Código de barras Fecha visto por última vez Precio válido a partir de Tipo de ítem Koha
    Préstamo interno   Monografías: Libros y Folletos General General En catalogación 26.10.2009 LF1   923.1 F825d 11715-10 25.06.2020 25.06.2020 Préstamo interno

Powered by Koha